|
|
|
|
| LEADER |
00737nab a2200193 i 4500 |
| 001 |
acta21912 |
| 005 |
20210526144512.0 |
| 008 |
161015s1979 hu o 0|| eng d |
| 022 |
|
|
|a 0563-0592
|
| 040 |
|
|
|a SZTE Egyetemi Kiadványok Repozitórium
|b hun
|
| 041 |
|
|
|a eng
|
| 100 |
1 |
|
|a Finnegan Michael
|
| 245 |
1 |
2 |
|a A non-metric examination of the relationships between osteological remains from Hungary representing populations of avar period
|h [elektronikus dokumentum] /
|c Finnegan Michael
|
| 260 |
|
|
|c 1979
|
| 300 |
|
|
|a 97-118
|
| 490 |
0 |
|
|a Acta biologica
|v 25 No. 1-2
|
| 695 |
|
|
|a Természettudomány
|
| 700 |
0 |
1 |
|a Marcsik Antónia
|e aut
|
| 856 |
4 |
0 |
|u http://acta.bibl.u-szeged.hu/21912/1/biologica_025_fasc_001_002_097-118.pdf
|z Dokumentum-elérés
|